000 00420nam a22001817a 4500
003 MPLRDC
005 20220104143135.0
008 210129b ||||| |||| 00| 0 eng d
020 _a7-5360-1919-X
082 _a848.4 WMS-6
100 _a无名氏著
245 _a海艳
_c
250 _a一版一刷
260 _a
_b花城出版社
_c1995
300 _b
650 _a现代别集
942 _cBK
_o848.4 WMS-6
999 _c37012
_d37002